| 000 | 00651nam a2200193Ia 4500 | ||
|---|---|---|---|
| 008 | 090123s9999 xx 000 0 und d | ||
| 082 | _b41864 | ||
| 100 | _aशर्मा पदम | ||
| 245 | _aआयएस आयच्या कारवाया | ||
| 250 | _a1 | ||
| 260 |
_bमेहता पब्लीशिंग हाउस _c2007 |
||
| 300 | _a188 | ||
| 600 | _aशर्मा पदम | ||
| 630 | _aआयएस आयच्या कारवाया | ||
| 700 | _aमांडे अरुण | ||
| 700 | _aशर्मा पदम | ||
| 730 | _aआयएस आयच्या कारवाया | ||
| 942 | _cBOOK | ||
| 999 |
_c79941 _d79941 |
||